| 000 | 00491nam a2200181Ia 4500 | ||
|---|---|---|---|
| 003 | GCL | ||
| 008 | 140319s9999 xx 000 0 eng d | ||
| 040 |
_aGCL / _cGCL |
||
| 082 | 0 | 4 |
_a304.2 _bL E |
| 100 | 1 | _aLESLIE, JOHN | |
| 245 | 1 | 0 |
_aTHE END OF THE WORLD: THE SCIENCE AND ETHICS OF HUMAN EXTINCTION / _cLESLIE, JOHN |
| 260 |
_a[S.N] : _bROUTLEDGE ، _c1996 |
||
| 300 | _a310 P | ||
| 650 | 0 | 4 | _aBIOLOGY |
| 650 | 0 | 4 | _aEXTINCTION |
| 650 | 0 | 4 | _aMAN - INFLUENCE ON NATURE |
| 942 |
_2ddc _cBK |
||
| 999 |
_c13276 _d13276 |
||